| 000 | 00460nam a22001697a 4500 | ||
|---|---|---|---|
| 003 | NUST - PNEC | ||
| 005 | 20170116181128.0 | ||
| 008 | 151006b xxu||||| |||| 00| 0 eng d | ||
| 020 | _a- | ||
| 040 | _cLIBRARY | ||
| 082 | _a954.0450924 GAN | ||
| 100 |
_913830 _aGandhi, Indira, 1917-1984; Pouchpadass, Emmanuel |
||
| 245 |
_aMy truth _cIndhira Gandhi |
||
| 260 | _cc.1982 | ||
| 650 |
_913832 _aGandhi, Indira, 1917-1984 _xGeneral books |
||
| 942 |
_2ddc _cBK |
||
| 999 |
_c69856 _d69856 |
||